Avrupa Birliği'nde blok muafiyetler / (Record no. 1673)
[ view plain ]
| 000 -BAŞLIK | |
|---|---|
| Sabit Uzunluktaki Kontrol Alanı | 00620nam a22002057a 4500 |
| 001 - KONTROL NUMARASI | |
| Control Dosyası | 1908 |
| 003 - KONTROL NUMARASI KİMLİĞİ | |
| Kontrol Alanı | KOHA_MİRAKIL |
| 005 - EN SON İŞLEM TARİHİ ve ZAMANI | |
| Kontrol Alanı | 20210520095835.0 |
| 008 - SABİT UZUNLUKTAKİ VERİ ÖGELERİ - GENEL BİLGİ | |
| Sabit Alan | 170216e1998 tu 000 0 |
| 020 ## - ISBN - ULUSLARARASI STANDART KİTAP NUMARASI | |
| Isbn | 975724967X |
| 040 ## - KATALOGLAMA KAYNAĞI | |
| Özgün Kataloglama Kurumu | TR-AnTUR |
| Kataloglama Dili | tur |
| Çeviri Kurumu | TR-AnTUR |
| 041 ## - DİL KODU | |
| Metin ya da ses kaydının dil kodu | tur |
| 082 ## - DEWEY ONU SINIFLAMA SİSTEMİ | |
| Sınıflama Numarası | 337.14 |
| Cutter numarası | AVR 1998 |
| 245 #0 - ESER ADI BİLDİRİMİ | |
| Başlık | Avrupa Birliği'nde blok muafiyetler / |
| 260 ## - YAYIN, DAĞITIM, VB. | |
| Yayın Yeri | İstanbul : |
| Yayınevi | Türk Sanayicileri ve İşadamları Derneği (TÜSİAD), |
| Yayın Tarihi | 1998. |
| 300 ## - FİZİKSEL TANIMLAMA | |
| Sayfa, Cilt vb. | 216 s. |
| Boyutları | 28 cm. |
| 490 ## - DİZİ BİLDİRİMİ | |
| Dizi Bildirimi | Türk Sanayicileri ve İşadamları Derneği Yayınları |
| Cilt Numarası | T/98-12/246 |
| 650 ## - KONU BAŞLIĞI EK GİRİŞ - KONU TERİMİ | |
| Konusal terim veya coğrafi ad | Avrupa Birliği |
| 942 ## - EK GİRİŞ ÖGELERİ (KOHA) | |
| Sınıflama Kaynağı | |
| Materyal Türü | Kitap |
| Geri Çekilme Durumu | Kayıp Durumu | Sınıflandırma Kaynağı | Kredi için değil | Kalıcı Konum | Mevcut Konum | Raf Yeri | Kayıt Tarih | Toplam Ödünçverme | Yer Numarası | Demirnaş Numarası | Son Görülme Tarihi | Fatura Tarihi | Materyal Türü |
|---|---|---|---|---|---|---|---|---|---|---|---|---|---|
| TÜRK-İŞ KÜTÜPHANESİ | TÜRK-İŞ KÜTÜPHANESİ | Genel Koleksiyon | 03/17/2005 | 337.14 AVR 1998 | 2021 | 03/17/2005 | 03/17/2005 | Kitap |